[Event "21st Sants Open 2019"]
[Site "Cotxeres de Sants"]
[Date "2019.08.27"]
[Round "5.17"]
[White "Planella Sanchez, Jordi"]
[Black "Manukonda Arun"]
[Result "1/2-1/2"]
[WhiteElo "1919"]
[BlackElo "1899"]
[Annotator "NA"]
[PlyCount "179"]
[EventDate "2019.08.22"]
[EventType "swiss"]
[EventCountry "ESP"]
[SourceTitle "playchess.com"]
[Source "ChessBase"]
[SourceQuality "1"]
[TimeControl "40/5400+30:1800+30"]

1. e4 {[%emt 0:00:18]} c5 {[%emt 0:26:19]} 2. Nf3 {[%emt 0:00:48]} d6 {[%emt 0:00:00]} 3. d4 {[%emt 0:01:25]} cxd4 {[%emt 0:00:01]} 4. Nxd4 {[%emt 0:00:13]} Nf6 {[%emt 0:00:01]} 5. Nc3 {[%emt 0:00:28]} a6 {[%emt 0:00:01]} 6. Bg5 {[%emt 0:00:23]} e6 {[%emt 0:00:01]} 7. f4 {[%emt 0:00:23]} Be7 {[%emt 0:00:01]} 8. Qf3 {[%emt 0:00:24]} Qc7 {[%emt 0:00:01]} 9. O-O-O {[%emt 0:00:30]} Nbd7 {[%emt 0:00:01]} 10. g4 {[%emt 0:03:35]} b5 {[%emt 0:00:01]} 11. Bd3 {[%emt 0:10:21]} Bb7 {[%emt 0:00:01]} 12. Rhe1 {[%emt 0:12:42]} Nc5 {[%emt 0:00:01]} 13. Bxf6 {[%emt 0:11:03]} gxf6 {[%emt 0:00:12]} 14. Kb1 {[%emt 0:04:42]} b4 {[%emt 0:00:10]} 15. Nce2 {[%emt 0:01:57]} a5 {[%emt 0:07:27]} 16. Bb5+ {[%emt 0:08:00]} Kf8 {[%emt 0:00:09]} 17. Bd3 {[%emt 0:09:00]} a4 {[%emt 0:01:01]} 18. Qe3 {[%emt 0:02:28]} b3 {[%emt 0:08:59]} 19. cxb3 {[%emt 0:02:07]} axb3 {[%emt 0:01:22]} 20. a3 {[%emt 0:00:17]} Kg7 {[%emt 0:07:34]} 21. Ng3 {[%emt 0:05:41]} Rhc8 {[%emt 0:02:07]} 22. Rc1 {[%emt 0:01:28]} Qa5 {[%emt 0:02:20]} 23. Bc4 {[%emt 0:02:39]} Ba6 {[%emt 0:05:47]} 24. Bxa6 {[%emt 0:01:28]} Qxa6 {[%emt 0:00:16]} 25. Nxb3 {[%emt 0:00:58]} Rcb8 {[%emt 0:07:28]} 26. Nxc5 {[%emt 0:01:39]} dxc5 {[%emt 0:00:01]} 27. Nh5+ {[%emt 0:03:21]} Kf8 {[%emt 0:00:05]} 28. f5 {[%emt 0:01:02]} Qxa3 {[%emt 0:00:42]} 29. Qxa3 {[%emt 0:04:10]} Rxa3 {[%emt 0:00:02]} 30. Nf4 {[%emt 0:01:54]} Bd6 {[%emt 0:00:45]} 31. Ng2 {[%emt 0:03:05]} Be5 {[%emt 0:00:48]} 32. Re2 {[%emt 0:00:35]} Rab3 {[%emt 0:00:16]} 33. Rcc2 {[%emt 0:00:14]} c4 {[%emt 0:00:23]} 34. Kc1 {[%emt 0:00:49]} R8b4 {[%emt 0:03:34]} 35. Ne3 {[%emt 0:02:15]} Ra4 {[%emt 0:02:06]} 36. Rxc4 {[%emt 0:01:30]} Ra1+ {[%emt 0:00:55]} 37. Kd2 {[%emt 0:00:24]} Rxb2+ {[%emt 0:00:02]} 38. Rc2 {[%emt 0:00:24]} Rb3 {[%emt 0:02:29]} 39. Rf2 {[%emt 0:02:19]} Bd4 {[%emt 0:00:51]} 40. Re2 {[%emt 0:00:00]} Raa3 {[%emt 0:00:00]} 41. Rc8+ {[%emt 0:03:58]} Kg7 {[%emt 0:04:23]} 42. Nc2 {[%emt 0:01:55]} Rb2 {[%emt 0:04:28]} 43. Kd1 {[%emt 0:04:32]} Rb1+ {[%emt 0:02:36]} 44. Kd2 {[%emt 0:00:09]} Ra2 {[%emt 0:00:21]} 45. Rc7 {[%emt 0:03:48]} Be5 {[%emt 0:00:19]} 46. Rc6 {[%emt 0:00:23]} Bf4+ {[%emt 0:03:51]} 47. Kc3 {[%emt 0:01:01]} e5 {[%emt 0:00:25]} 48. Rd6 {[%emt 0:06:40]} Rh1 {[%emt 0:00:53]} 49. Rg2 {[%emt 0:00:38]} Rxh2 {[%emt 0:01:16]} 50. Rxh2 {[%emt 0:00:09]} Bxh2 {[%emt 0:00:01]} 51. Rd1 {[%emt 0:01:46]} Ra4 {[%emt 0:01:12]} 52. Kd3 {[%emt 0:00:26]} Ra8 {[%emt 0:02:01]} 53. Ke2 {[%emt 0:01:05]} Rb8 {[%emt 0:00:19]} 54. Ne3 {[%emt 0:00:54]} Rb2+ {[%emt 0:00:44]} 55. Kf3 {[%emt 0:01:13]} Bf4 {[%emt 0:00:26]} 56. Nd5 {[%emt 0:01:03]} Rb3+ {[%emt 0:00:03]} 57. Kf2 {[%emt 0:00:22]} Bg5 {[%emt 0:00:55]} 58. Rh1 {[%emt 0:01:01]} Rd3 {[%emt 0:00:27]} 59. Rh5 {[%emt 0:01:07]} Rd1 {[%emt 0:01:25]} 60. Rh3 {[%emt 0:00:20]} Rd4 {[%emt 0:01:18]} 61. Kf3 {[%emt 0:00:39]} h6 {[%emt 0:02:15]} 62. Rh1 {[%emt 0:00:16]} Rd3+ {[%emt 0:01:01]} 63. Kf2 {[%emt 0:00:17]} Kf8 {[%emt 0:01:51]} 64. Kg2 {[%emt 0:01:36]} Rb3 {[%emt 0:02:26]} 65. Kf2 {[%emt 0:00:45]} Ke8 {[%emt 0:00:45]} 66. Kg2 {[%emt 0:00:49]} Kd7 {[%emt 0:03:44]} 67. Rh3 {[%emt 0:00:45]} Rb2+ {[%emt 0:00:13]} 68. Kf3 {[%emt 0:00:09]} Kd6 {[%emt 0:00:34]} 69. Rh1 {[%emt 0:00:21]} Kc5 {[%emt 0:00:52]} 70. Rd1 {[%emt 0:04:09]} Kc4 {[%emt 0:01:22]} 71. Ne3+ {[%emt 0:00:41]} Kc5 {[%emt 0:06:36]} 72. Rd5+ {[%emt 0:01:36]} Kc6 {[%emt 0:00:04]} 73. Rd3 {[%emt 0:01:03]} Bh4 {[%emt 0:01:09]} 74. Rc3+ {[%emt 0:00:28]} Kd7 {[%emt 0:00:31]} 75. Nd5 {[%emt 0:00:55]} Rf2+ {[%emt 0:01:17]} 76. Ke3 {[%emt 0:00:06]} Rg2 {[%emt 0:00:12]} 77. Rc7+ {[%emt 0:00:11]} Kd6 {[%emt 0:02:39]} 78. Rxf7 {[%emt 0:00:11]} Rg3+ {[%emt 0:00:45]} 79. Ke2 {[%emt 0:00:11]} Kc5 {[%emt 0:05:34]} 80. Nxf6 {[%emt 0:00:30]} Bxf6 {[%emt 0:00:20]} 81. Rxf6 {[%emt 0:00:05]} Kd4 {[%emt 0:00:04]} 82. Rxh6 {[%emt 0:03:00]} Rxg4 {[%emt 0:00:03]} 83. f6 {[%emt 0:01:58]} Rxe4+ {[%emt 0:00:25]} 84. Kf3 {[%emt 0:00:32]} Rf4+ {[%emt 0:00:07]} 85. Kg3 {[%emt 0:00:15]} Kd5 {[%emt 0:01:21]} 86. Rg6 {[%emt 0:00:30]} Ke6 {[%emt 0:00:14]} 87. Rh6 {[%emt 0:00:29]} Kf7 {[%emt 0:00:18]} 88. Kg2 {[%emt 0:00:13]} e4 {[%emt 0:00:42]} 89. Kg3 {[%emt 0:00:16]} Rf1 {[%emt 0:00:19]} 90. Rh4 {[%emt 0:00:27]} 1/2-1/2

[Event "21st Sants Open 2019"]
[Site "Cotxeres de Sants"]
[Date "2019.08.27"]
[Round "5.18"]
[White "Vadillo, Torre Ismael"]
[Black "Paton Alvarez, Ivan"]
[Result "0-1"]
[WhiteElo "1616"]
[BlackElo "1544"]
[Annotator "NA"]
[PlyCount "88"]
[EventDate "2019.08.22"]
[EventType "swiss"]
[EventCountry "ESP"]
[SourceTitle "playchess.com"]
[Source "ChessBase"]
[SourceQuality "1"]
[TimeControl "40/5400+30:1800+30"]

1. d4 {[%emt 0:00:00]} d5 {[%emt 0:00:00]} 2. c4 {[%emt 0:00:00]} e6 {[%emt 0:00:00]} 3. Nc3 {[%emt 0:00:00]} a6 {[%emt 0:00:00]} 4. cxd5 {[%emt 0:07:10]} exd5 {[%emt 0:00:23]} 5. Nf3 {[%emt 0:00:11]} Nf6 {[%emt 0:00:26]} 6. Bg5 {[%emt 0:00:46]} Be7 {[%emt 0:00:31]} 7. e3 {[%emt 0:00:20]} b6 {[%emt 0:00:25]} 8. Bd3 {[%emt 0:06:07]} Bb7 {[%emt 0:01:26]} 9. Qc2 {[%emt 0:02:19]} Nbd7 {[%emt 0:00:52]} 10. O-O {[%emt 0:03:28]} O-O {[%emt 0:00:38]} 11. Bf4 {[%emt 0:10:45]} c5 {[%emt 0:06:32]} 12. b3 {[%emt 0:07:07]} Rc8 {[%emt 0:03:57]} 13. Qb2 {[%emt 0:02:54]} Nh5 {[%emt 0:11:19]} 14. Ne2 {[%emt 0:11:35]} Nxf4 {[%emt 0:04:25]} 15. Nxf4 {[%emt 0:00:09]} Re8 {[%emt 0:31:15]} 16. Rac1 {[%emt 0:01:04]} Bd6 {[%emt 0:01:39]} 17. Nh3 {[%emt 0:05:58]} Qe7 {[%emt 0:02:18]} 18. Qe2 {[%emt 0:00:42]} cxd4 {[%emt 0:06:45]} 19. Nxd4 {[%emt 0:03:27]} Nc5 {[%emt 0:05:12]} 20. Nf5 {[%emt 0:03:35]} Qf6 {[%emt 0:01:05]} 21. Nxd6 {[%emt 0:02:29]} Qxd6 {[%emt 0:00:10]} 22. Bf5 {[%emt 0:01:02]} Rcd8 {[%emt 0:02:00]} 23. Qc2 {[%emt 0:07:41]} g6 {[%emt 0:04:53]} 24. Bg4 {[%emt 0:01:47]} h5 {[%emt 0:05:41]} 25. Bf3 {[%emt 0:00:58]} Bc8 {[%emt 0:01:06]} 26. Nf4 {[%emt 0:01:15]} d4 {[%emt 0:06:18]} 27. exd4 {[%emt 0:01:59]} Nxb3 {[%emt 0:02:30]} 28. Qxb3 {[%emt 0:01:29]} Qxf4 {[%emt 0:00:05]} 29. Rc6 {[%emt 0:03:33]} Kg7 {[%emt 0:01:40]} 30. Qxb6 {[%emt 0:00:32]} Qxd4 {[%emt 0:00:19]} 31. Qxd4+ {[%emt 0:04:22]} Rxd4 {[%emt 0:00:07]} 32. Rc7 {[%emt 0:03:16]} Be6 {[%emt 0:01:00]} 33. Re1 {[%emt 0:02:59]} Rb8 {[%emt 0:00:46]} 34. a3 {[%emt 0:02:26]} Kh6 {[%emt 0:00:44]} 35. h3 {[%emt 0:00:29]} Ra4 {[%emt 0:00:13]} 36. Ra1 {[%emt 0:02:24]} Rb3 {[%emt 0:00:39]} 37. Rd1 {[%emt 0:01:32]} Rbxa3 {[%emt 0:00:19]} 38. Rd8 {[%emt 0:00:29]} Ra1+ {[%emt 0:00:34]} 39. Kh2 {[%emt 0:00:06]} R4a2 {[%emt 0:00:19]} 40. Kg3 {[%emt 0:00:00]} Rf1 {[%emt 0:00:00]} 41. Kf4 {[%emt 0:02:09]} Rfxf2 {[%emt 0:01:40]} 42. Rb7 {[%emt 0:01:37]} Rfd2 {[%emt 0:16:50]} 43. Rh8+ {[%emt 0:10:13]} Kg7 {[%emt 0:00:08]} 44. Kg5 {[%emt 0:01:30]} Ra5+ {[%emt 0:00:37]} 0-1

[Event "21st Sants Open 2019"]
[Site "Cotxeres de Sants"]
[Date "2019.08.27"]
[Round "5.19"]
[White "Garcia Martinez, Hector"]
[Black "Cabrera Marmol, Manuel"]
[Result "1-0"]
[WhiteElo "1547"]
[BlackElo "1537"]
[Annotator "NA"]
[PlyCount "81"]
[EventDate "2019.08.22"]
[EventType "swiss"]
[EventCountry "ESP"]
[SourceTitle "playchess.com"]
[Source "ChessBase"]
[SourceQuality "1"]
[TimeControl "40/5400+30:1800+30"]

1. e4 {[%emt 0:00:00]} e5 {[%emt 0:15:03]} 2. f4 {[%emt 0:00:00]} exf4 {[%emt 0:00:30]} 3. Nf3 {[%emt 0:00:00]} Be7 {[%emt 0:00:19]} 4. Nc3 {[%emt 0:00:00]} Bh4+ {[%emt 0:16:39]} 5. Ke2 {[%emt 0:00:00]} Be7 {[%emt 0:12:50]} 6. d4 {[%emt 0:01:58]} g5 {[%emt 0:03:18]} 7. h4 {[%emt 0:05:12]} b6 {[%emt 0:06:26]} 8. hxg5 {[%emt 0:07:12]} Bxg5 {[%emt 0:02:37]} 9. d5 {[%emt 0:01:00]} d6 {[%emt 0:08:00]} 10. g3 {[%emt 0:24:25]} Qf6 {[%emt 0:04:51]} 11. Qd4 {[%emt 0:08:35]} Qxd4 {[%emt 0:04:23]} 12. Nxd4 {[%emt 0:00:03]} Bf6 {[%emt 0:02:39]} 13. Ndb5 {[%emt 0:03:10]} Bg4+ {[%emt 0:06:07]} 14. Kf2 {[%emt 0:02:56]} Kd7 {[%emt 0:03:24]} 15. Bxf4 {[%emt 0:02:37]} Na6 {[%emt 0:01:10]} 16. Nxd6 {[%emt 0:03:34]} cxd6 {[%emt 0:02:48]} 17. Bxa6 {[%emt 0:00:04]} Bd4+ {[%emt 0:01:11]} 18. Kg2 {[%emt 0:01:19]} Nf6 {[%emt 0:01:41]} 19. Bb7 {[%emt 0:00:06]} Rag8 {[%emt 0:01:00]} 20. Bc6+ {[%emt 0:00:05]} Ke7 {[%emt 0:00:16]} 21. Nb5 {[%emt 0:01:48]} Bxb2 {[%emt 0:00:45]} 22. Bxd6+ {[%emt 0:00:37]} Kd8 {[%emt 0:00:26]} 23. Rab1 {[%emt 0:00:31]} a6 {[%emt 0:01:40]} 24. Rxb2 {[%emt 0:00:27]} axb5 {[%emt 0:00:04]} 25. Rxb5 {[%emt 0:00:31]} Nxe4 {[%emt 0:01:08]} 26. Be5 {[%emt 0:00:11]} f6 {[%emt 0:00:11]} 27. Bd4 {[%emt 0:00:55]} Bd7 {[%emt 0:00:40]} 28. Bxb6+ {[%emt 0:02:03]} Ke7 {[%emt 0:01:10]} 29. Bc7 {[%emt 0:04:45]} Bxc6 {[%emt 0:00:56]} 30. dxc6 {[%emt 0:00:05]} Rc8 {[%emt 0:01:28]} 31. Rb7 {[%emt 0:00:03]} Ke6 {[%emt 0:00:29]} 32. Re1 {[%emt 0:00:31]} f5 {[%emt 0:00:08]} 33. Rh1 {[%emt 0:03:38]} Kd5 {[%emt 0:00:21]} 34. Rh6 {[%emt 0:00:13]} Nc5 35. Rd6+ {[%emt 0:04:50]} Kc4 {[%emt 0:01:54]} 36. Ra7 {[%emt 0:00:11]} Ra8 {[%emt 0:00:30]} 37. Bb6 {[%emt 0:04:07]} Ne4 {[%emt 0:00:34]} 38. Rxa8 {[%emt 0:03:28]} Rxa8 {[%emt 0:00:04]} 39. Rd7 {[%emt 0:00:06]} Rc8 {[%emt 0:01:11]} 40. c7 {[%emt 0:00:00]} Kb5 {[%emt 0:00:00]} 41. Rd4 1-0

[Event "21st Sants Open 2019"]
[Site "Cotxeres de Sants"]
[Date "2019.08.27"]
[Round "5.20"]
[White "Serentill Tost, Eduard"]
[Black "Miro Arbelaes, Aleix"]
[Result "0-1"]
[WhiteElo "1621"]
[BlackElo "1467"]
[Annotator "NA"]
[PlyCount "28"]
[EventDate "2019.08.22"]
[EventType "swiss"]
[EventCountry "ESP"]
[SourceTitle "playchess.com"]
[Source "ChessBase"]
[SourceQuality "1"]
[TimeControl "40/5400+30:1800+30"]

1. e4 c5 {[%emt 0:03:21]} 2. Nc3 {[%emt 0:00:00]} Nc6 {[%emt 0:02:04]} 3. f4 {[%emt 0:00:19]} g6 4. Nf3 {[%emt 0:00:10]} Bg7 {[%emt 0:02:35]} 5. Bc4 {[%emt 0:00:34]} e6 {[%emt 0:04:54]} 6. d3 {[%emt 0:01:05]} Nge7 {[%emt 0:04:08]} 7. a3 {[%emt 0:06:04]} d5 {[%emt 0:02:15]} 8. exd5 {[%emt 0:03:10]} exd5 {[%emt 0:03:11]} 9. Bb3 {[%emt 0:03:50]} Bg4 {[%emt 0:03:39]} 10. h3 {[%emt 0:03:15]} Bxf3 {[%emt 0:04:28]} 11. Qxf3 {[%emt 0:02:10]} Nd4 {[%emt 0:05:01]} 12. Ba4+ {[%emt 0:07:53]} Nec6 {[%emt 0:02:33]} 13. Qxd5 {[%emt 0:02:37]} Nxc2+ 14. Kd2 Bxc3+ {[%emt 0:00:51] Ke1 Bg7+ Kf2 Nxa1 Bxc6+ bxc6 Qxc6+ Kf8 Qxc5+ Qe7} 0-1

[Event "21st Sants Open 2019"]
[Site "Cotxeres de Sants"]
[Date "2019.08.28"]
[Round "6.1"]
[White "Puranik, Abhimanyu"]
[Black "Arjun Kalyan"]
[Result "0-1"]
[WhiteElo "2550"]
[BlackElo "2482"]
[Annotator "TA"]
[PlyCount "106"]
[EventDate "2019.08.22"]
[EventType "swiss"]
[EventCountry "ESP"]
[SourceTitle "playchess.com"]
[Source "ChessBase"]
[SourceQuality "1"]

{[%evp 27,106,0,-5,-6,11,0,9,0,0,0,0,0,0,-5,-2,-8,-6,-2,-10,-38,-36,-36,-33,-34,-40,-26,-33,-99,-91,-176,-174,-366,-370,-415,-424,-518,-396,-409,-400,-399,-411,-411,-411,-411,-411,-404,-411,-411,-411,-407,-396,-427,-382,-435,-427,-505,-505,-489,-375,-440,-452,-553,-548,-607,-587,-666,-608,-29965,-29966,-29969,-29969,-29977,-29978,-29978,-29979,-29978,-29979,-29979,-29980,-29984,-29980]} 1. e4 e5 2. Nf3 Nc6 3. Bb5 a6 4. Ba4 Nf6 5. O-O Be7 6. d3 b5 7. Bb3 d6 8. c3 Na5 9. Bc2 c5 10. Re1 Nc6 11. Nbd2 O-O 12. Nf1 Re8 13. h3 h6 14. Ng3 Be6 15. d4 {C90: Closed Ruy Lopez with 7...d6: Early deviations} cxd4 16. cxd4 exd4 17. Nxd4 {The position is equal.} Nxd4 18. Qxd4 Rc8 19. Bb3 d5 20. e5 (20. exd5 Nxd5 21. Ne4 Qd7 22. Bd2 Qb7 {0-1 (67) Predke,A (2622)-Matlakov,M (2700) St Petersburg 2018}) 20... Nd7 21. Be3 Bc5 22. Qd1 d4 23. Bf4 $146 ({Predecessor:} 23. Bxd4 Bxd4 24. Qxd4 Bxb3 25. axb3 Nxe5 26. Qxd8 Rcxd8 {½-½ (33) Velicka,P (2412)-Henrichs,T (2476) Wuerttemberg 2018}) 23... Qb6 $36 {[%mdl 2048] Black has some pressure.} 24. Qf3 g5 25. Bd2 $1 Bxb3 26. axb3 Nxe5 27. Qh5 (27. Qf5 $15 Qe6 28. Qe4) 27... d3 28. Ne4 (28. Rf1 $17 {was called for.}) 28... Bd4 $19 29. Be3 $2 (29. Kh1) 29... Re6 30. Rad1 Rc2 31. h4 Ng6 32. Qg4 Re2 33. Nf6+ Bxf6 34. Rxe2 dxe2 35. Bxb6 {[#] Re1 is the strong threat.} exd1=Q+ ({Not} 35... exd1=N 36. hxg5 Re1+ 37. Kh2 $17) ({Don't do} 35... exd1=B 36. Qxd1 Rxb6 37. hxg5 $19) 36. Qxd1 Rxb6 37. hxg5 hxg5 38. g3 Re6 39. Qc2 Kg7 40. Kg2 Ne7 41. f4 gxf4 42. gxf4 Nc6 43. Kh3 Re3+ 44. Kg4 {[#]} Nd4 $1 45. Qg2 Re2 46. Qa8 Rxb2 47. Qxa6 Rxb3 {Black mates.} 48. Qb7 Rb2 49. Qh1 b4 {[%cal Bb5b4,Bb4b3][%mdl 32]} 50. Kh5 b3 51. f5 Ra2 52. Qg2+ Kf8 53. Qg3 b2 {Played: Ra2-a5} 0-1

[Event "21st Sants Open 2019"]
[Site "Cotxeres de Sants"]
[Date "2019.08.28"]
[Round "6.2"]
[White "Vaibhav, Suri"]
[Black "Antal, Gergely"]
[Result "1/2-1/2"]
[WhiteElo "2591"]
[BlackElo "2549"]
[Annotator "ChessBase"]
[PlyCount "110"]
[EventDate "2019.08.22"]
[EventType "swiss"]
[EventCountry "ESP"]
[SourceTitle "playchess.com"]
[Source "ChessBase"]
[SourceQuality "1"]
[TimeControl "40/5400+30:1800+30"]

1. e4 {[%emt 0:00:00]} c6 {[%emt 0:00:00]} 2. d4 {[%emt 0:00:03]} d5 {[%emt 0:00:00]} 3. e5 {[%emt 0:00:07]} c5 {[%emt 0:00:33]} 4. Nf3 {[%emt 0:01:48]} cxd4 {[%emt 0:04:40]} 5. Nxd4 {[%emt 0:00:10]} Nc6 {[%emt 0:01:18]} 6. Nxc6 {[%emt 0:00:20]} bxc6 {[%emt 0:00:05]} 7. Bd3 {[%emt 0:00:05]} e6 {[%emt 0:08:08]} 8. O-O {[%emt 0:00:12]} Ne7 {[%emt 0:00:23]} 9. Re1 {[%emt 0:05:36]} Ng6 {[%emt 0:00:40]} 10. Nd2 {[%emt 0:01:14]} Be7 {[%emt 0:04:47]} 11. Qg4 {[%emt 0:04:04]} Qb6 {[%emt 0:11:45]} 12. c3 {[%emt 0:10:47]} Ba6 {[%emt 0:09:17]} 13. Bc2 {[%emt 0:03:22]} h5 {[%emt 0:05:59]} 14. Qg3 {[%emt 0:02:55]} h4 {[%emt 0:00:15]} 15. Qg4 {[%emt 0:11:45]} Bc5 {[%emt 0:01:31]} 16. Qf3 {[%emt 0:00:19]} h3 {[%emt 0:08:19]} 17. b4 {[%emt 0:05:27]} Be7 {[%emt 0:01:58]} 18. g3 {[%emt 0:00:15]} Qc7 {[%emt 0:01:26]} 19. Bxg6 {[%emt 0:14:13]} fxg6 {[%emt 0:00:02]} 20. Nb3 {[%emt 0:00:06]} c5 {[%emt 0:01:51]} 21. bxc5 {[%emt 0:02:12]} Bxc5 {[%emt 0:01:40]} 22. Qg4 {[%emt 0:02:08]} Kf7 {[%emt 0:01:19]} 23. Be3 {[%emt 0:02:14]} Bf8 {[%emt 0:04:34]} 24. Nd4 {[%emt 0:07:44]} Re8 {[%emt 0:00:06]} 25. Nf3 {[%emt 0:00:12]} Be7 {[%emt 0:02:43]} 26. Bg5 {[%emt 0:09:07]} Qc4 {[%emt 0:02:25]} 27. Nd4 {[%emt 0:03:41]} Bc5 {[%emt 0:01:38]} 28. Re3 {[%emt 0:02:44]} Rh5 {[%emt 0:03:13]} 29. Rf3+ {[%emt 0:02:41]} Kg8 {[%emt 0:00:02]} 30. Be3 {[%emt 0:00:16]} Kh7 {[%emt 0:00:53]} 31. Rf7 {[%emt 0:04:01]} Bxd4 {[%emt 0:08:41]} 32. Bxd4 {[%emt 0:00:57]} Qd3 {[%emt 0:04:16]} 33. Qd1 {[%emt 0:03:08]} Rf5 {[%emt 0:06:54]} 34. Qxd3 {[%emt 0:00:29]} Bxd3 {[%emt 0:00:03]} 35. Rxa7 {[%emt 0:00:55]} Rff8 {[%emt 0:00:13]} 36. Bc5 {[%emt 0:01:53]} Ra8 {[%emt 0:00:30]} 37. Rxa8 {[%emt 0:00:27]} Rxa8 {[%emt 0:00:05]} 38. f3 {[%emt 0:00:15]} Rb8 {[%emt 0:01:32]} 39. Bb4 {[%emt 0:00:13]} d4 {[%emt 0:00:25]} 40. Kf2 {[%emt 0:00:00]} dxc3 {[%emt 0:00:00]} 41. Bxc3 {[%emt 0:04:25]} Rc8 {[%emt 0:01:13]} 42. Bd2 {[%emt 0:00:43]} Rc5 {[%emt 0:00:37]} 43. f4 {[%emt 0:14:43]} g5 {[%emt 0:01:12]} 44. fxg5 {[%emt 0:03:49]} Rxe5 {[%emt 0:00:18]} 45. Re1 {[%emt 0:00:31]} Rxe1 {[%emt 0:04:14]} 46. Kxe1 {[%emt 0:02:11]} Kg6 {[%emt 0:00:06]} 47. g4 {[%emt 0:00:10]} Kf7 {[%emt 0:00:04]} 48. a4 {[%emt 0:03:46]} g6 {[%emt 0:00:23]} 49. Kf2 {[%emt 0:00:35]} Ke7 {[%emt 0:00:12]} 50. Ke3 {[%emt 0:00:28]} Bf1 {[%emt 0:00:56]} 51. Kd4 {[%emt 0:00:04]} Kd6 {[%emt 0:00:04]} 52. a5 {[%emt 0:00:08]} Kc6 {[%emt 0:00:11]} 53. Ke5 {[%emt 0:00:03]} Kb7 {[%emt 0:00:05]} 54. Kf6 {[%emt 0:00:17]} Bd3 {[%emt 0:00:04]} 55. Kxe6 {[%emt 0:00:02]} Ka6 {[%emt 0:00:04]} 1/2-1/2

[Event "21st Sants Open 2019"]
[Site "Cotxeres de Sants"]
[Date "2019.08.28"]
[Round "6.3"]
[White "Neef, Maximilian"]
[Black "Idani, Pouya"]
[Result "1-0"]
[WhiteElo "2481"]
[BlackElo "2581"]
[Annotator "ChessBase"]
[PlyCount "57"]
[EventDate "2019.08.22"]
[EventType "swiss"]
[EventCountry "ESP"]
[SourceTitle "playchess.com"]
[Source "ChessBase"]
[SourceQuality "1"]
[TimeControl "40/5400+30:1800+30"]

1. Nf3 {[%emt 0:00:00]} d6 {[%emt 0:00:00]} 2. d4 {[%emt 0:00:00]} Nf6 {[%emt 0:00:00]} 3. g3 {[%emt 0:00:37]} g6 {[%emt 0:00:00]} 4. Bg2 {[%emt 0:00:16]} Bg7 {[%emt 0:00:00]} 5. O-O {[%emt 0:00:22]} O-O {[%emt 0:00:00]} 6. b3 {[%emt 0:00:23]} b5 {[%emt 0:00:01]} 7. Ne1 {[%emt 0:04:40]} c6 {[%emt 0:00:16]} 8. Bb2 {[%emt 0:00:13]} Qc7 {[%emt 0:02:57]} 9. Nd3 {[%emt 0:00:32]} Bb7 {[%emt 0:04:31]} 10. Nd2 {[%emt 0:05:15]} Nbd7 {[%emt 0:03:42]} 11. c4 {[%emt 0:04:16]} bxc4 {[%emt 0:00:29]} 12. Nxc4 {[%emt 0:02:40]} Rac8 {[%emt 0:00:15]} 13. e4 {[%emt 0:20:29]} Nxe4 {[%emt 0:03:56]} 14. Bxe4 {[%emt 0:00:07]} d5 {[%emt 0:00:03]} 15. Bg2 {[%emt 0:00:17]} dxc4 {[%emt 0:00:10]} 16. bxc4 {[%emt 0:00:06]} Rfd8 {[%emt 0:06:12]} 17. Qc2 {[%emt 0:01:55]} e6 {[%emt 0:08:11]} 18. Rfd1 {[%emt 0:06:55]} c5 {[%emt 0:02:00]} 19. d5 {[%emt 0:03:10]} exd5 {[%emt 0:16:50]} 20. cxd5 {[%emt 0:03:05]} Bxb2 {[%emt 0:02:42]} 21. Qxb2 {[%emt 0:04:53]} Qb6 {[%emt 0:05:15]} 22. Qc3 {[%emt 0:03:31]} Qd6 {[%emt 0:00:59]} 23. Rac1 {[%emt 0:03:23]} Ba6 {[%emt 0:07:04]} 24. Nf4 {[%emt 0:01:21]} Nb6 {[%emt 0:01:07]} 25. h4 {[%emt 0:02:27]} Bb7 {[%emt 0:03:37]} 26. Bh3 {[%emt 0:08:41]} Rc7 {[%emt 0:00:05]} 27. Nxg6 fxg6 28. Be6+ {[%emt 0:04:00]} Rf7 {[%emt 0:00:08]} 29. Qf6 {[%emt 0:01:11]} 1-0

[Event "21st Sants Open 2019"]
[Site "Cotxeres de Sants"]
[Date "2019.08.28"]
[Round "6.4"]
[White "Henriquez Villagra, Cristobal"]
[Black "Krysa, Leandro"]
[Result "1-0"]
[WhiteElo "2562"]
[BlackElo "2516"]
[Annotator "TA"]
[PlyCount "71"]
[EventDate "2019.08.22"]
[EventType "swiss"]
[EventCountry "ESP"]
[SourceTitle "playchess.com"]
[Source "ChessBase"]
[SourceQuality "1"]

{[%evp 21,71,0,1,0,3,10,10,0,0,0,0,0,0,11,58,35,68,74,71,58,132,95,76,76,177,85,76,77,224,96,105,103,100,108,338,338,439,438,482,285,1006,1012,933,895,1293,1253,29989,1522,1454,1294,29993,29994]} 1. Nf3 d5 2. b3 Bf5 3. Bb2 e6 4. g3 h6 5. Bg2 Nf6 6. O-O Be7 7. d3 O-O 8. Nbd2 c6 9. Ne5 Nbd7 10. e4 Bh7 11. Nxd7 Nxd7 12. Qe2 {A07: Réti Opening: New York and Capablanca Systems} a5 (12... dxe4 13. dxe4 Bf6 14. Bxf6 Qxf6 15. Qe3 Rfd8 16. Rad1 Nb6 17. c3 Rd7 18. Nf3 Rad8 19. Rxd7 Rxd7 {½-½ (88) Demchenko,A (2639)-Eliseev,U (2557) Ekaterinburg 2013}) 13. a4 Re8 14. h3 $146 {The position is equal.} ({Predecessor:} 14. f4 Bf8 15. Kh1 {0-1 (49) Sepp,O (2457)-Sveshnikov,E (2535) Tallinn 2009}) 14... Qb6 15. Kh2 Rad8 16. f4 Qa6 17. Rae1 dxe4 18. Bxe4 Bf6 19. Bxh7+ Kxh7 20. Be5 Kg8 (20... Be7 $14) 21. Ne4 Bxe5 22. fxe5 Rf8 (22... Qb6 $16 {was worth a try.}) 23. Qh5 (23. g4 $1 $18) 23... Qb6 $16 24. Rf4 {Black must now prevent Ref1.} Qd4 (24... Qc7 $16 {might work better.}) 25. Re2 (25. Nd6 $18 {has better winning chances.} Qc3 26. Nxf7 $1 {[%mdl 512]} Qxc2+ 27. Kh1 (27. Re2 Qxd3 28. Nxd8 Rxd8 $16) 27... Qxd3 28. Nxd8 Rxf4 29. gxf4) 25... Qa1 {[#]} 26. d4 $1 {[%mdl 512] And now Nd6 would win.} Qd1 (26... Qxd4 27. Nd6) 27. Nf2 $36 {[%mdl 2048] Black is under strong pressure.} g6 $2 (27... Qf1 $16 {keeps fighting.}) 28. Qf3 $18 (28. Nxd1 gxh5 29. Rh4 c5 $16) 28... Qf1 29. Qe3 c5 {and the idea ...g5 leaves Black hopeful.} 30. d5 (30. Ng4 $142 cxd4 31. Nxh6+ (31. Rxf1 dxe3 32. Nxh6+ Kg7 $16) 31... Kg7 32. Rxd4 (32. Rxf1 dxe3 33. Ng4 Rc8 $14)) 30... exd5 $2 (30... Qa1 31. dxe6 fxe6) 31. Ng4 {[%mdl 64] Discovered Attack} d4 32. Qd3 ({Not} 32. Rxf1 dxe3 33. Nxh6+ (33. Rxe3 h5 $11) 33... Kg7 $14) 32... Qc1 33. e6 h5 34. Nh6+ (34. exf7+ $142 Kh8 35. Qxg6 Qxf4 {[%mdl 64] Remove Defender} 36. gxf4 Rxf7 37. Qxf7 Rf8 38. Qxh5+ Kg7 39. Re7+ {[%mdl 64] Double Attack} Rf7 40. Rxf7+ Kg8 41. Qh7#) 34... Kg7 35. Nxf7 g5 36. Qf5 {Accuracy: White = 59%, Black = 33%.} 1-0